000 00560nam a22001697a 4500
003 OSt
005 20251020023619.0
008 251020b |||||||| |||| 00| 0 eng d
020 _a971-086-598-6
040 _aDWCL-Main Lib
_cOC
082 _aGR. 423 S993 1962
245 _aSynonyms Antonyms and Homonyms :
_b Indexed in Dictionary form
260 _aMandaluyong City, Philippines :
_b National Book Store,
_cc1962.
300 _a192 pages :
_billustrations ;
_c15cm.
650 _a1. Dictionary -- Synonyms, Antonyms and Homonyms
942 _2ddc
_cGR
_kGR
_n0
999 _c4923
_d4923